01271nam a2200277 a 4500001001000000003000900010005001700019008004100036020001800077040003000095049000900125082001900134100004200153245014100195260008700336300002700423500002400450504004900474650005000523650003500573942001400608952011800622952011800740952011800858999001700976000015613DO-SdBNP20240614130835.0100215s2009 dr a 000 0 spa d a9789945415322 aDO-SdBNPbspacBNPHUerda aBNPD a658.408bM623p1 aMichelén E., Jesús Elías93519710aPrimer estudio de percepción de la responsabilidad social empresarial (RSE) en República Dominicana /cJesús Elías Michelén E. aSanto Domingo :bPontificia Universidad Católica Madre y Maestra (PUCMM),c2009. a93 P. :bil. ;c29 cm. aIncluye notas p. 91 aIncluye referencias bibliográficas (p. 93) 4aResponsabilidad social de los negocios935198 0aÉtica en los negocios935199 2ddccLBS1 00107-18PDaGRbGRcOId2010-02-15iLF1l0o658.408 M623pp15613-30r2020-06-25w2020-06-25yLFPDZNo se presta 00107-18PDaPDbPDcOId2010-02-15iLF1l0o658.408 M623pp15613-10r2020-06-25w2020-06-25yLFPDZNo se presta 00107-18PDaPDbPDcOId2010-02-15iLF1l0o658.408 M623pp15613-20r2020-06-25w2020-06-25yLFPDZNo se presta c15168d15168